000 00700cab a2200229 4500
001 ABS50950
008 090401t1994 xxu||||| |||| 00| 0 eng d
035 _a(Sirsi) u2766
041 _aeng
100 _aOliver, S.
245 _aPartner beware
260 _c1994
350 _a0
490 _aGuardian Gazette
_v91(20) 25 May 1994, 17-24(2)
520 _aWarns of possible personal exposure to their firms` third party liabilities faced by salaried partners. (Solicitors).
650 _aNEGLIGENCE
650 _aPROFESSIONAL INDEMNITY INSURANCE
650 _aPROFESSIONAL NEGIGENCE
690 _aMANAGEMENT-BUSINESS MANAGEMENT-PROFESSIONAL PRACTICE
942 _n0
948 _c04/03/1997
999 _c1665
_d1665